00612nam a22002057a 450000500170000001000400001702000260005703500130008303500130009603500140010903700130012303700130013608200100014910000260015924500480018526000300023327000690026330000240033250000500035620230112173631.0 aENG-113627 B-663849 ENG-135988 c350.00a9788120350632 aEN-97159 aB-663849 aEN-119520 bDBAD/PUB bBookwell a515.9 aBiswal, Purna Chandra aComplex analysis /cby Purna Chandra Biswal aDelhibPHI Learningc2015 aRimjhim House, 111, Patparganj Industrial Estate,bDelhie110092 aix,273p.c24cm(pbk) aIncludes bibliographical references and index